000 00320nam a2200133Ia 4500
008 231129s2004||||xx |||||||||||||| ||spa||
040 _bspa
082 _a792.8 C227t
100 _aCano Arango Gustavo
245 0 _aTeoria de la danza: lecciones elementales
260 _c2004
264 _a[s.n.]
942 _2ddc
_cBKS
999 _c25199
_d25199